[Event "Asia Clubs 1st"]
[Site "Al Ain"]
[Date "2008.12.25"]
[Round "1"]
[White "Adhami, Hesham"]
[Black "Sadorra, Julio Catalino"]
[Result "0-1"]
[WhiteElo "2020"]
[BlackElo "2431"]
[PlyCount "78"]
[EventDate "2008.12.25"]
[EventType "team"]
[EventRounds "7"]
[EventCountry "UAE"]
[SourceTitle "CBM 127 Extra"]
[Source "ChessBase"]
[SourceDate "2009.01.08"]
[SourceVersion "2"]
[SourceVersionDate "2009.01.28"]
[SourceQuality "1"]

1. d4 Nf6 2. Nf3 d5 3. c4 e6 4. Nc3 Bb4 5. e3 0-0 6. Bd3 c5 7. 0-0 Nc6 8. Ne2 cxd4 9. exd4 dxc4 10. Bxc4 b6 11. Bg5 Bb7 12. Ng3 Be7 13. h3 Rc8 14. Rc1 Rc7 15. Be3 Qa8 16. Be2 Rfc8 17. a3 Nd5 18. Qd2 Na5 19. Rxc7 Rxc7 20. b4 Nc4 21. Bxc4 Rxc4 22. Rc1 Nxe3 23. Qxe3 Rxc1+ 24. Qxc1 Bxf3 25. gxf3 Qxf3 26. Qe3 Qxe3 27. fxe3 Kf8 28. Kf2 Bh4 29. Kf3 Bxg3 30. Kxg3 Ke7 31. b5 Kd6 32. e4 f5 33. Kf4 fxe4 34. Kxe4 g5 35. a4 h5 36. Ke3 Kd5 37. Kd3 g4 38. hxg4 hxg4 39. Ke3 g3 0-1

[Event "Asia Cities-ch"]
[Site "Dubai"]
[Date "1992.??.??"]
[Round "1"]
[White "West, Guy"]
[Black "Adhami, Hesham"]
[Result "1-0"]
[WhiteElo "2410"]
[BlackElo "2205"]
[PlyCount "51"]
[EventDate "1992.??.??"]
[EventType "team"]
[EventRounds "9"]
[EventCountry "UAE"]
[SourceTitle "CBM 032 Extra"]
[Source "ChessBase"]
[SourceDate "1993.03.01"]
[SourceVersion "1"]
[SourceVersionDate "1993.03.01"]
[SourceQuality "1"]

1. e4 e5 2. f4 exf4 3. Nf3 Be7 4. Bc4 d6 5. d3 g5 6. Nc3 c6 7. h4 g4 8. Ng5 Bxg5 9. hxg5 Qxg5 10. g3 Qe7 11. Bxf4 h5 12. Qd2 Be6 13. 0-0-0 Nd7 14. Qf2 Ne5 15. Bb3 Nf3 16. Ne2 Rh7 17. Nd4 Nxd4 18. Qxd4 Kd7 19. c4 c5 20. Ba4+ Kd8 21. Qc3 Kc8 22. d4 Nf6 23. dxc5 Nxe4 24. cxd6 Qxd6 25. Rxd6 Nxc3 26. bxc3 1-0